000 00281nam a22001217a 4500
082 _a823
_bFRA/G
100 _aDIXON, FRANKLIN
245 _aTHE GROSS -GHOST MYSTERY
260 _aNEW YORK
_bPOCKET BOOKS
_c1997
300 _a73
650 _aENGLISH STORY
_zUNITED STATES
942 _cBK
999 _c7291
_d7291